Calcul mental express, additions - Statistiques

Statistiques générales
  • Ce quiz a été pris 207 fois
  • Le résultat moyen est 14 sur 20
Statistiques - réponses
Opérations Résultat % Correct
9+2 11
99%
12+7 19
99%
32+54 86
96%
101+17 118
95%
76+76 152
92%
16+9 25
91%
15+3 18
89%
324+450 774
85%
49+83 132
83%
11+12+13 36
72%
1311+750 2061
70%
319+89 408
66%
506+97 603
63%
24+724 748
60%
97+61 158
58%
9+16423 16432
56%
111+112+113 336
49%
665+336 1001
45%
1111+1112+1113 3336
41%
10322+463 10785
39%
Aucun quiz correspondant
Distribution des résultats
% des personnes avec chaque résultat
Percentile par nombre de réponses
Votre historique - résultats
Vous n’avez pas pris ce quiz